Wildlife and communities at the crossroads : (Record no. 129606)
[ view plain ]
| 000 -LEADER | |
|---|---|
| fixed length control field | 01430cam a2200361 a 4500 |
| 001 - CONTROL NUMBER | |
| control field | 12620160 |
| 003 - CONTROL NUMBER IDENTIFIER | |
| control field | ARRUPE |
| 005 - DATE AND TIME OF LATEST TRANSACTION | |
| control field | 20190521091406.0 |
| 008 - FIXED-LENGTH DATA ELEMENTS--GENERAL INFORMATION | |
| fixed length control field | 010820s2001 rh ab b 000 0 eng |
| 010 ## - LIBRARY OF CONGRESS CONTROL NUMBER | |
| LC control number | 2001295947 |
| 020 ## - INTERNATIONAL STANDARD BOOK NUMBER | |
| Cancelled/invalid ISBN | 1779051116 |
| 035 ## - SYSTEM CONTROL NUMBER | |
| System control number | (DLC) 2001295947 |
| 040 ## - CATALOGING SOURCE | |
| Original cataloging agency | DLC |
| Transcribing agency | DLC |
| 042 ## - AUTHENTICATION CODE | |
| Authentication code | lcode |
| 043 ## - GEOGRAPHIC AREA CODE | |
| Geographic area code | f-rh--- |
| 050 00 - LIBRARY OF CONGRESS CALL NUMBER | |
| Classification number | SK575.Z55 |
| Item number | S525 2001 |
| 300 ## - PHYSICAL DESCRIPTION | |
| Other physical details | ill., maps ; |
| Dimensions | 22 cm. |
| 100 1# - MAIN ENTRY--PERSONAL NAME | |
| Personal name | Sibanda, Backson M. C., |
| Dates associated with a name | 1950- |
| 9 (RLIN) | 46403 |
| 245 10 - TITLE STATEMENT | |
| Title | Wildlife and communities at the crossroads : |
| Remainder of title | is Zimbabwe's Campfire the way forward? / |
| Statement of responsibility, etc | Backson M.C. Sibanda. |
| 260 ## - PUBLICATION, DISTRIBUTION, ETC. (IMPRINT) | |
| Place of publication, distribution, etc | Mount Pleasant, Harare, Zimbabwe : |
| Name of publisher, distributor, etc | SAPES Books, |
| Date of publication, distribution, etc | c2001. |
| 300 ## - PHYSICAL DESCRIPTION | |
| Extent | vi, 282 : |
| 440 #0 - SERIES STATEMENT/ADDED ENTRY--TITLE | |
| Title | Southern Africa environment security series |
| 9 (RLIN) | 46404 |
| 500 ## - GENERAL NOTE | |
| General note | Southern Africa Regional Institute for Policy Studies"--Ser. t.p. |
| 500 ## - GENERAL NOTE | |
| General note | "SAPES Trust"--Cover p. [4]. |
| 504 ## - BIBLIOGRAPHY, ETC. NOTE | |
| Bibliography, etc | Includes bibliographical references (p. 273-281). |
| 650 #0 - SUBJECT ADDED ENTRY--TOPICAL TERM | |
| Topical term or geographic name as entry element | Wildlife management |
| Geographic subdivision | Zimbabwe. |
| 9 (RLIN) | 46405 |
| 650 #0 - SUBJECT ADDED ENTRY--TOPICAL TERM | |
| Topical term or geographic name as entry element | Natural resources, Communal |
| Geographic subdivision | Zimbabwe. |
| 9 (RLIN) | 46406 |
| 650 #0 - SUBJECT ADDED ENTRY--TOPICAL TERM | |
| Topical term or geographic name as entry element | Sustainable development |
| Geographic subdivision | Zimbabwe. |
| 9 (RLIN) | 46407 |
| 710 2# - ADDED ENTRY--CORPORATE NAME | |
| Corporate name or jurisdiction name as entry element | SAPES Trust. |
| 9 (RLIN) | 23049 |
| 710 2# - ADDED ENTRY--CORPORATE NAME | |
| Corporate name or jurisdiction name as entry element | Southern Africa Regional Institute for Policy Studies. |
| 9 (RLIN) | 23050 |
| 906 ## - LOCAL DATA ELEMENT F, LDF (RLIN) | |
| a | 7 |
| b | cbc |
| c | origode |
| d | 3 |
| e | ncip |
| f | 20 |
| g | y-gencatlg |
| 942 ## - ADDED ENTRY ELEMENTS (KOHA) | |
| Source of classification or shelving scheme | Library of Congress Classification |
| Koha item type | Monograph ( Printed materials) |
| Withdrawn status | Lost status | Source of classification or shelving scheme | Damaged status | Not for loan | Collection code | Home library | Current library | Shelving location | Date acquired | Total Checkouts | Full call number | Barcode | Date last seen | Price effective from | Koha item type |
|---|---|---|---|---|---|---|---|---|---|---|---|---|---|---|---|
| Library of Congress Classification | Main Collection | ARRUPE LIBRARY | ARRUPE LIBRARY | Main Collection | 21/05/2019 | SK575.Z55 S525 2001 | 46600004768 | 21/05/2019 | 21/05/2019 | Monograph ( Printed materials) | |||||
| Library of Congress Classification | Main Collection | ARRUPE LIBRARY | ARRUPE LIBRARY | Main Collection | 21/05/2019 | SK575.Z55 S525 2001 | 46600004770 | 21/05/2019 | 21/05/2019 | Monograph ( Printed materials) |